000 00404 a2200157 4500
005 20250425121041.0
020 _a0-256-08313-4
082 _a657.95 HAY
100 _aHAY, L. E.
245 _aAccounting for Governmental and Nonprofit Entities.
250 _a9th
260 _aIrwin,
_bAustralia,
_c1992.
300 _aXxi, 867p.: ill.; table
_bIndex
_c24cm.
700 _aWILSON, E.A.
942 _2ddc
_cBKS
999 _c1655
_d1655